000 00877nam a2200241Ia 4500
003 OSt
005 20221005112834.0
006 a|||||r|||| 00| 0
007 ta
008 221004b |||||||| |||| 00| 0 pan d
020 _a8182990211 (hbk)
_c160
024 _a94564
037 _b72870, 31/12/2008, Arsee Publishers
_cTextual
040 _aCRL
_cCRL
_bpan
041 _2pan
_apan
082 _aO168,1H80x, 153P4
100 _aਅਤਰਜੀਤ ਸਿੰਘ, ਥਦ।
245 0 _aਬੁੱਲੇਾਹ
_b ਜੀਵਨ, ਦੋਹੜੇ, ਸੀਹਰਖ਼ੀਆਂ ਤੇ ਕਾਫੀਆਂ
260 _aਦਿੱਲੀ
_bਆਰਸੀ ਭਾਰਤ
_c2004
300 _a182ਪੰ
_ccm.
942 _hO168,1H80x, 153P4
_cTEXL
_2cc
999 _c1026148
_d1026148